[Event "Olympiad Women 2024"]
[Site "Budapest HUN"]
[Date "2024.09.15"]
[Round "5.57"]
[Board "4"]
[White "Kemvee H. Sambola"]
[Black "James, Shemilah"]
[Result "0-1"]
[WhiteElo "1440"]
[BlackElo "1774"]
[PlyCount "120"]
[EventDate "2024.09.11"]
[WhiteTeam "Liberia"]
[BlackTeam "Trinidad & Tobago"]
[WhiteTeamCountry "LBR"]

1. d4 d5 2. c4 e6 3. Nc3 Nf6 4. Bg5 Be7 5. e3 c6 6. cxd5 exd5 7. Qb3 $146 ({RR} 7. Bxf6 Bxf6 8. Bd3 Qe7 9. Qc2 Bg4 10. Nge2 Nd7 11. O-O Bxe2 12. Nxe2 g6 13. b4 O-O 14. Rac1 Rac8 15. Qb3 Qd6 16. Nc3 Bg5 17. Rc2 Nf6 18. Be2 Rfe8 19. Rfc1 Re7 20. Bf3 Rce8 21. b5 h5 {0-1 Simkin,Y (2355)-Kostiuchenko,A Kiev Avantgard-ch 1962 (4)}) ({RR} 7. Rc1 Bf5 8. Bd3 Ne4 9. Bxe7 Qxe7 10. Nge2 O-O 11. O-O Nd7 12. Re1 Rfe8 13. Bb1 Ndf6 14. f3 Nxc3 15. Nxc3 Bxb1 16. Rxb1 c5 17. dxc5 Qxc5 18. Qd4 Qxd4 19. exd4 Kf8 20. Kf2 Red8 21. Re5 Rd7 {½-½ Kudischewitsch,D-Karpov,A URS U18-ch Moscow 1966}) 7... Nbd7 8. Nf3 h6 9. Bxf6 Nxf6 10. Bd3 Qb6 11. Qxb6 axb6 12. O-O O-O 13. Rab1 Bb4 14. Rfc1 b5 15. a3 Bd6 16. e4 dxe4 17. Nxe4 Nxe4 18. Bxe4 Re8 19. Re1 Be6 20. Rbd1 Bb3 21. Rd3 Bc4 22. Rdd1 Rad8 23. Bd3 Rxe1+ 24. Nxe1 Bd5 25. Nf3 Bxf3 26. gxf3 Bf4 27. Re1 Kf8 28. Re4 Bc1 29. Re2 Rxd4 30. Rc2 Rxd3 31. Rxc1 Rxf3 32. Rd1 Ke7 33. Kg2 Rb3 34. Rd2 b6 35. f3 c5 36. Kg3 c4 37. Re2+ Kd6 38. Rd2+ Rd3 39. Re2 c3 40. bxc3 Rxc3 41. Rb2 Kc5 42. Ra2 Kc4 43. Kf4 Kb3 44. Ra1 Kb2 45. Rd1 Kxa3 46. Rd7 b4 47. Rxf7 g5+ 48. Kg4 b3 49. Ra7+ Kb2 50. Ra6 Rc6 51. f4 gxf4 52. Kxf4 Kc2 53. h4 b2 54. Ra2 Kc1 55. Ra4 b1=Q 56. Re4 Qxe4+ 57. Kxe4 b5 58. Kd5 Rc2 59. h5 b4 60. Kd4 b3 0-1

[Event "Olympiad Women 2024"]
[Site "Budapest HUN"]
[Date "2024.09.15"]
[Round "5.58"]
[Board "1"]
[White "Ghitza, Elena"]
[Black "Shariff, Sasha Christina"]
[Result "1-0"]
[WhiteElo "1817"]
[BlackElo "1538"]
[PlyCount "79"]
[EventDate "2024.09.11"]
[WhiteTeam "Malta"]
[BlackTeam "Guyana"]
[WhiteTeamCountry "MLT"]
[BlackTeamCountry "GUY"]

1. c4 {Donev,Ivo Hristov} e6 2. Nc3 d5 3. cxd5 exd5 4. d4 Nf6 5. Nf3 Be7 6. Bg5 Nbd7 7. Qb3 ({RR} 7. e3 Nb6 8. Qc2 Bg4 9. Ne5 Bh5 10. Bb5+ c6 11. Nxc6 bxc6 12. Bxc6+ Kf8 13. Bxa8 Qxa8 14. O-O Bg6 15. Qe2 h6 16. Bh4 Kg8 17. Rfc1 Kh7 18. Nb5 ({RR} 18. h3) 18... Bd8 19. Nc7 Qb8 20. Bg3 Nh5 21. Na6 ({RR} 21. Be5 Nc4 22. Nxd5 Nxe5 23. dxe5 Qxe5 24. Rd1 Nf6) 21... Nxg3 {0-1 Piket,J (2575)-Sokolov,I (2625) Sarajevo Bosnia 28th 1998 (6)}) ({RR} 7. e3 h6 8. Bh4 c6 9. a3 O-O 10. Bd3 a5 11. O-O Ne8 12. Bg3 Nd6 13. Nd2 Nf6 14. f3 Nf5 15. Bf2 Ne8 16. e4 dxe4 17. Bxe4 Nxd4 18. Nc4 Be6 19. Qxd4 Qxd4 20. Bxd4 Bxc4 21. Rfd1 Nd6 {½-½ Gallego Obrador,A (1648)-Delgadillo Vidal,P (1516) Barcelona Sant Marti op-B 22nd 2022 (7)}) 7... O-O 8. e3 c6 9. a4 $146 ({RR} 9. Bd3 Re8 10. h3 Ne4 11. Bf4 Bd6 12. g3 Qe7 13. Bxe4 dxe4 14. Bxd6 Qxd6 15. Ng5 Qf6 16. h4 h6 17. Nh3 Qf3 18. Rh2 Nf6 19. Qd1 Qf5 20. Qe2 Qa5 21. Ng1 Bg4 22. Qd2 Qf5 23. Rh1 Rad8 {0-1 Weber,K-Meister,P (2415) Staufer op 06th 1994 (2)}) ({RR} 9. Bd3 h6 10. Bf4 Nh5 11. Be5 Bf6 12. Bd6 Be7 13. Be5 Bf6 14. h3 Be7 15. O-O Nhf6 16. e4 dxe4 17. Nxe4 Nxe5 18. dxe5 Be6 19. Qc2 Nd5 20. a3 Nf4 21. Rad1 Qc8 22. Ne1 Rd8 23. Ng3 Bh4 {½-½ Kalmuk,K-Szmer,A Gora Sw Anny op 2nd 2009 (7)}) ({RR} 9. Bd3 b5 10. a4 b4 11. Ne2 a5 12. O-O c5 13. dxc5 Nxc5 14. Qd1 Nxd3 15. Qxd3 Ba6 16. Qd2 h6 17. Bf4 Ne4 18. Qd1 Rc8 19. Nfd4 Bf6 20. Re1 g5 21. Bg3 h5 22. f3 Nxg3 23. Nxg3 h4 {½-½ Suciu,D-Stanescu,D ROM-ch U12 Voineasa 2010 (5)}) 9... b6 10. Bd3 c5 11. Nxd5 Bb7 12. Nxe7+ Qxe7 13. O-O Rac8 14. Rac1 Bxf3 15. gxf3 Qd6 16. Bf4 Qd5 17. Qxd5 Nxd5 18. Bd6 Rfd8 19. Ba6 Rc6 20. Bg3 Nb4 21. Bb5 Rcc8 22. Bd6 a6 23. Bxd7 Rxd7 24. dxc5 bxc5 25. Rxc5 Rxc5 26. Bxc5 Nd3 27. Bd4 Rc7 28. Bc3 Kf8 29. Rd1 Rd7 30. Kf1 g6 31. Rd2 Ne5 32. Rxd7 Nxd7 33. Bd4 Ke7 34. Ke2 Kd6 35. Kd3 Nb8 36. Kc4 Kc6 37. b4 Nd7 38. b5+ axb5+ 39. axb5+ Kb7 40. Kd5 1-0

[Event "Olympiad Women 2024"]
[Site "Budapest HUN"]
[Date "2024.09.15"]
[Round "5.58"]
[Board "3"]
[White "Farrugia, Jamie"]
[Black "Clement, Ciel Desiree"]
[Result "1-0"]
[WhiteElo "1733"]
[BlackElo "1460"]
[PlyCount "93"]
[EventDate "2024.09.11"]
[WhiteTeam "Malta"]
[BlackTeam "Guyana"]
[WhiteTeamCountry "MLT"]
[BlackTeamCountry "GUY"]

1. e4 c5 2. c3 d5 3. exd5 Qxd5 4. d4 Nf6 5. Nf3 Bg4 6. Be2 cxd4 7. cxd4 Nc6 8. Nc3 Qd8 9. O-O e6 10. Bg5 ({RR} 10. Qb3 Qb6 11. Be3 Qxb3 12. axb3 Be7 13. h3 Bxf3 14. Bxf3 O-O 15. Rfc1 Rfd8 16. Bxc6 bxc6 17. Nd1 Rdb8 18. Rxc6 Rxb3 19. Rc7 Nd5 20. Rcxa7 Rxa7 21. Rxa7 f5 22. Nc3 Nxc3 23. bxc3 Bd6 24. Kf1 Rxc3 {½-½ Iakymov,V (2459)-Tverdohlebov,V (2377) Kremenchug Grokhotov Memorial 2011 (11)}) 10... Be7 11. Qd3 $146 ({RR} 11. h3 Bh5 12. Qb3 Rb8 13. Rfd1 O-O 14. d5 exd5 15. Bxf6 Bxf6 16. Rxd5 Qe7 17. Rxh5 g6 18. Nd5 {1-0 Jahrsdoerfer,G-Menninger,G Bad Neustadt op 1991 (4)}) ({RR} 11. h3 Bh5 12. Rc1 O-O 13. Be3 Nb4 14. g4 Bg6 15. Ne5 Nbd5 16. Bg5 Rc8 17. f3 Nxc3 18. bxc3 Nd5 19. Bd2 Bd6 20. f4 Qh4 21. Kh2 f6 22. Nf3 Qh6 23. g5 fxg5 24. Ne5 Bf5 25. Bg4 gxf4 {0-1 Guevara Sanchez,E (2010)-Averchenko,S (2164) Titled Tue 9th Jan Early 2024 (10)}) ({RR} 11. h3 Bh5 12. Qb3 Qd7 13. Rfd1 O-O 14. Ne5 Qc7 15. Nxc6 bxc6 16. Bxh5 Nxh5 17. Bxe7 Qxe7 18. Ne4 Nf4 19. Qf3 Nd5 20. Rac1 Rab8 21. b3 Nb4 22. a3 Nd5 23. Nc5 Rfd8 24. a4 Qf6 25. Qe4 Nb4 {0-1 Frade Rodriguez,J-Azevedo,R (1650) POR-ch U18 Aveiro 2003 (7)}) ({RR} 11. Bxf6 Bxf6 12. d5 exd5 13. Nxd5 O-O 14. Qa4 Bxb2 15. Rab1 Qxd5 16. Rxb2 Qd7 17. Rd1 Qc8 18. Rc1 Rb8 19. h3 Bd7 20. Qf4 Qd8 21. Bd3 Qf6 22. Qxf6 gxf6 23. Be4 Rfc8 24. Rd1 Be6 25. Rd6 Na5 {0-1 Lardot,D-Granat,S Tampere We Hervs op 1998 (4)}) 11... a6 12. Rfd1 O-O 13. a3 Qd6 14. d5 Ne5 15. Nxe5 Qxe5 16. Bxf6 Bxf6 17. Bxg4 exd5 18. Qxd5 Qxd5 19. Rxd5 Rfe8 20. Rad1 h6 21. g3 Re7 22. Rd7 Rae8 23. Kf1 Kf8 24. Bf3 b6 25. Bc6 Bxc3 26. Rxe7 Rc8 27. Re8+ Rxe8 28. Bxe8 Bxb2 29. Bc6 Bxa3 30. Re1 g6 31. Ra1 Bc5 32. Rxa6 Ke7 33. Ra7+ Kd6 34. Bb5 f5 35. Rg7 Kd5 36. Rd7+ Ke5 37. Ke2 Ke4 38. Bc4 f4 39. f3+ Ke5 40. Rd5+ Kf6 41. gxf4 Bg1 42. h3 Bh2 43. Ke3 Ke6 44. Rd2+ Kf5 45. Rxh2 g5 46. fxg5 hxg5 47. h4 1-0

[Event "Olympiad Women 2024"]
[Site "Budapest HUN"]
[Date "2024.09.15"]
[Round "5.59"]
[Board "1"]
[White "Strade, Arita"]
[Black "Sele, Timea"]
[Result "1-0"]
[WhiteElo "1946"]
[BlackElo "1699"]
[PlyCount "111"]
[EventDate "2024.09.11"]
[WhiteTeam "Guernsey"]
[BlackTeam "Liechtenstein"]
[BlackTeamCountry "LIE"]

1. e4 c6 2. d4 d5 3. exd5 cxd5 4. Bd3 Nc6 5. c3 Qc7 6. Ne2 Bg4 7. f3 Bd7 8. Bf4 e5 9. dxe5 Nxe5 10. Bc2 Nf6 11. O-O Bd6 12. Kh1 O-O ({RR} 12... O-O-O 13. a4 Nc4 14. Bxd6 Qxd6 15. Qd4 Rhe8 16. Re1 Re5 17. Nd2 Qe6 18. b3 Nxd2 19. Qxd2 Re8 20. Bd3 g5 21. Ra2 g4 22. Rg1 Re3 23. Nd4 Qe5 24. Nc2 Nh5 25. Rd1 gxf3 26. Nxe3 Qxe3 27. Qxe3 {1-0 Sankova,S (2073)-Milcova,Z (2086) ch-SVK Women 2024 (6.4)}) 13. Nd2 Rfe8 14. Nd4 ({RR} 14. Nb3 Nc4 15. Bxd6 Qxd6 16. Re1 Ne3 17. Qd2 Nc4 18. Qc1 Re5 19. Bd3 Rae8 20. Nbd4 Rh5 21. Qf4 Rhe5 22. Bxc4 dxc4 23. Red1 Nd5 24. Qg3 Ne3 25. Rd2 Qh6 26. Qf4 Qh5 27. Ng3 Nd5 {0-1 Nakamura,H (2745)-Dobrov,V (2478) chess.com Speed blitz 2019 (1.21)}) 14... Nh5 $146 ({RR} 14... Nc4 15. Bxd6 Qxd6 16. Nxc4 dxc4 17. Qd2 Rad8 18. Rae1 Bc8 19. Rxe8+ Rxe8 20. Re1 Kf8 21. Rxe8+ Nxe8 22. Bxh7 g6 23. Qh6+ Ke7 24. h4 Qe5 25. f4 Qd5 26. f5 Bxf5 27. Qg5+ f6 28. Nxf5+ gxf5 29. Qxf5 {1-0 Hernandez,A (2110)-Mills,M (2009) Titled Tue 8th Nov Early 2022 (9)}) ({RR} 14... Ng6 15. Bxd6 Qxd6 16. Bxg6 hxg6 17. Re1 Qf4 18. Qc2 Qh4 19. Rxe8+ Rxe8 20. Nf1 g5 21. Kg1 g4 22. Qf2 Qg5 23. Re1 Rxe1 24. Qxe1 gxf3 25. Nxf3 Qf4 26. Ng3 Ne4 27. Nxe4 dxe4 28. Nd4 f5 29. g3 {0-1 Hernandez Jimenez,A (2132)-Mortazavi,A (2333) Titled Tuesday intern op 24th Nov blitz 2020 (2)}) ({RR} 14... Qb6 15. Qb1 h6 16. Bf5 Nc4 17. Nxc4 dxc4 18. Bxd7 Nxd7 19. Bxd6 Qxd6 20. Qf5 Re5 21. Qf4 Rae8 22. b3 Nb6 23. Qg3 cxb3 24. axb3 Qc5 25. Rae1 Kf8 26. h3 Nd7 27. f4 Rxe1 28. Rxe1 Rxe1+ 29. Qxe1 {1-0 Vonthron,H (2364)-Tschann,S (2281) Oberliga Baden 1415 2014 (8.2)}) 15. Bg5 Ng6 16. f4 Nhxf4 17. Qf3 Bc6 18. g3 Ne6 19. Be3 Nxd4 20. Bxd4 Re7 21. Rae1 Rae8 22. Rxe7 Rxe7 23. Qf2 b6 24. Nf3 Bb5 25. Re1 Nf8 26. a4 Ba6 27. Nh4 Rxe1+ 28. Qxe1 Ne6 29. Nf5 Bf8 30. Qe3 Qc4 31. Qf2 Nxd4 32. Nxd4 Bc5 33. Qe1 Qf1+ 34. Qxf1 Bxf1 35. Kg1 Bh3 36. Kf2 Bxd4+ 37. cxd4 h6 38. Ke3 f6 39. Kf4 g5+ 40. Kf3 Be6 41. Bd3 Kf7 42. b4 a5 43. b5 h5 44. Bc2 Bg4+ 45. Ke3 Ke6 46. h4 Bf5 47. Bd1 Be4 48. Kd2 gxh4 49. gxh4 Bg6 50. Ke3 Bf7 51. Bc2 f5 52. Kf4 Bg6 53. Kg5 Kf7 54. Bxf5 Bxf5 55. Kxf5 Ke7 56. Ke5 1-0

[Event "Olympiad Women 2024"]
[Site "Budapest HUN"]
[Date "2024.09.15"]
[Round "5.60"]
[Board "2"]
[White "Alazemi, Aisha"]
[Black "Leung, Hoi Ting"]
[Result "0-1"]
[WhiteElo "1539"]
[BlackElo "1619"]
[PlyCount "92"]
[EventDate "2024.09.11"]
[WhiteTeam "Kuwait"]
[BlackTeam "Hong Kong, China"]
[WhiteTeamCountry "KUW"]

1. e4 e6 2. d4 d5 3. e5 c5 4. c3 Nc6 5. Nf3 Qb6 6. Bd3 Bd7 7. O-O cxd4 8. cxd4 Nxd4 9. Nxd4 Qxd4 10. Nc3 Qxe5 11. Re1 Qd6 12. Nb5 Qb8 13. Qf3 Bd6 14. Kh1 $146 ({RR} 14. Qxd5 Bxh2+ 15. Kh1 Bc6 16. Qg5 Nf6 17. f4 h6 18. Qxg7 Rg8 19. Rxe6+ fxe6 20. Bg6+ Kd8 21. Qxf6+ {1-0 Tal,M-Nei,I Tal blitz Soviet Union 1958}) ({RR} 14. Nxd6+ Qxd6 15. Bf4 Qe7 16. Qg3 f6 17. Bd6 Qf7 18. Rac1 Ne7 19. Rc7 Rd8 20. Rxb7 O-O 21. Rxa7 Rfe8 22. Bc5 Nc6 23. Rc7 Ne5 24. Bf1 Rc8 25. Rxc8 Rxc8 26. b4 Ba4 27. Qe3 Nd7 28. Bd6 e5 {1-0 Svidler,P (2683)-Piesik,P (2419) Titled Tue 10th Jan Early 2023 (2)}) ({RR} 14. Qxd5 Bxh2+ 15. Kh1 Ne7 16. Qh5 a6 17. Nc3 Bd6 18. Ne4 Bb4 19. Rd1 Ng6 20. f4 Qd8 21. a3 Be7 22. Be3 f5 23. Ng3 O-O 24. Bc4 Qc7 25. Rac1 Nxf4 26. Qf3 Bd6 27. Bxe6+ Nxe6 28. Rxc7 Bxc7 {1-0 Hartmann,C-Etzold,E DDR-ch10 Final 1959 (6)}) ({RR} 14. Qxd5 Bxh2+ 15. Kh1 a6 16. Qg5 Ne7 17. Nc3 Bd6 18. Qxg7 Rg8 19. Qd4 Bc6 20. Be4 Be5 21. Qe3 Bxc3 22. bxc3 Nd5 23. Qf3 Qe5 24. c4 Qc3 25. Qxc3 Nxc3 26. Bxc6+ bxc6 27. a4 Rg4 28. f4 O-O-O {½-½ Vogt,L-Pfeil,H DDR U18-ch Glauchau 1967 (9)}) 14... Ne7 15. Nd4 O-O 16. Bxh7+ Kxh7 17. Qh5+ Kg8 18. Nf3 f6 19. Nh4 Qe8 20. Qf3 Qf7 21. Bd2 Rad8 22. Rad1 Ng6 23. Nxg6 Qxg6 24. h4 Qf5 25. Qxf5 exf5 26. Ba5 b6 27. Rxd5 Bc6 28. Bxb6 Bxd5 29. Bxd8 Rxd8 30. b3 Kf7 31. Rd1 Be6 32. g3 Ke7 33. Rc1 f4 34. gxf4 Bxf4 35. Re1 Rd2 36. a4 Rxf2 37. Re4 Rh2+ 38. Kg1 Rxh4 39. Kg2 Kd6 40. Rd4+ Bd5+ 41. Kf1 Ke5 42. Rb4 g5 43. Ke2 Rh2+ 44. Kd3 g4 45. Rb8 g3 46. Re8+ Be6 0-1

[Event "Olympiad Women 2024"]
[Site "Budapest HUN"]
[Date "2024.09.15"]
[Round "5.60"]
[Board "3"]
[White "Liu, Tian Yi"]
[Black "Nema, Rabab"]
[Result "1/2-1/2"]
[WhiteElo "1607"]
[BlackElo "1601"]
[PlyCount "82"]
[EventDate "2024.09.11"]
[WhiteTeam "Hong Kong, China"]
[BlackTeam "Kuwait"]
[BlackTeamCountry "KUW"]

1. e4 {Speelman,Jonathan S} e6 2. d4 d5 3. Nd2 Nf6 4. e5 Nfd7 5. f4 c5 6. c3 Nc6 7. Ndf3 f6 ({RR} 7... Qb6) 8. Bd3 a6 $146 ({RR} 8... cxd4 9. cxd4 Bb4+ 10. Bd2 Bxd2+ 11. Qxd2 fxe5 12. fxe5 Qa5 13. Qxa5 Nxa5 14. Ng5 h6 15. Nxe6 Nxe5 16. Bb5+ Bd7 17. dxe5 Bxb5 18. Nc7+ Ke7 19. Nxb5 Rac8 20. Nf3 Rc2 21. O-O Rxb2 22. Nbd4 Rc8 23. Nh4 {1-0 Kuijpers,F-Camilleri,H Zonal Halle Halle/Saale 1967 (8)}) ({RR} 8... cxd4 9. cxd4 Bb4+ 10. Bd2 Qb6 11. a3 ({RR} 11. Ne2 O-O 12. a3 fxe5 13. fxe5 Ndxe5 14. dxe5 Nxe5 15. Bxb4 Rxf3 16. gxf3 Nxf3+ 17. Kf1 e5) 11... Bxd2+ 12. Qxd2 O-O 13. Ne2 h6 14. b4 a6 15. Rc1 ({RR} 15. Rb1) 15... Rf7 16. Bg6 Rf8 17. Bb1 Rf7 ({RR} 17... a5 18. Qd3 axb4 19. Qh7+ Kf7) 18. Qd3 Nf8 19. exf6 Rxf6 20. g4 Bd7 21. h4 Rf7 22. Rg1 Be8 23. h5 {1-0 Speelman,J (2605)-Skembris,S (2455) Olympiad-29 Novi Sad 1990 (3)}) ({RR} 8... Qb6 9. Ne2 Be7 10. Bb1 Nf8 11. O-O Bd7 12. Kh1 O-O-O 13. dxc5 Bxc5 14. b4 Be7 15. Ned4 Nxd4 16. Be3 Ng6 17. Bxd4 Qc7 18. Bxg6 hxg6 19. Qd3 Be8 20. Qe3 Bf7 21. Bxa7 Qc4 22. Bd4 Rh7 23. a4 {1-0 Neuman,P (2438)-Papay,J (1940) 35th Czech Open E 2024 (2.4)}) ({RR} 8... Qb6 9. Ne2 Be7 10. h4 f5 11. h5 h6 12. Rg1 Nf8 13. g4 fxg4 14. Rxg4 Rg8 15. Kf2 Kf7 16. Kg2 cxd4 17. cxd4 Bd7 18. Ng3 Qd8 19. Be3 Rh8 20. Qd2 Rc8 21. Kh1 Nb4 22. Bb1 Qc7 23. Ne1 {1-0 Valkama,E (2252)-Wahlback,S (1471) FIN-ch U20 Valkeakoski 2018 (1)}) 9. h4 b5 10. Qe2 cxd4 11. cxd4 Bb4+ 12. Kd1 Qe7 13. h5 Ba5 14. g4 Nf8 15. g5 f5 16. h6 g6 17. a3 Nd7 18. Qf1 Bd8 19. Ne2 Nb6 20. Ke1 Na5 21. Kf2 Nb3 22. Rb1 Nc4 23. Qd1 Nba5 24. Bd2 Nc6 25. Be1 Bd7 26. Nc1 Bb6 27. Be2 Kf7 28. Kg3 Rhc8 29. Nb3 a5 30. Bf2 a4 31. Nc5 Bxc5 32. dxc5 N6a5 33. Ne1 Nb3 34. Nd3 Bc6 35. Bf3 Nbd2 36. Bg2 Nxb1 37. Qxb1 Qb7 38. Bd4 Nd2 39. Qc2 Ne4+ 40. Kh3 Ke7 41. Rc1 Kd7 1/2-1/2

[Event "Olympiad Women 2024"]
[Site "Budapest HUN"]
[Date "2024.09.15"]
[Round "5.60"]
[Board "4"]
[White "Ajbali, Ghaleyah"]
[Black "Liang, Liyun"]
[Result "1/2-1/2"]
[WhiteElo "1513"]
[BlackElo "1463"]
[PlyCount "86"]
[EventDate "2024.09.11"]
[WhiteTeam "Kuwait"]
[BlackTeam "Hong Kong, China"]
[WhiteTeamCountry "KUW"]

1. e4 c5 2. Nf3 d6 3. c3 e6 4. d4 cxd4 5. cxd4 Nf6 6. Nbd2 $146 ({RR} 6. d5 exd5 7. exd5 Qa5+ 8. Nc3 Be7 9. a3 O-O 10. b4 Qb6 11. Be3 Qc7 12. Rc1 a6 13. Nb5 Qd8 14. Nc7 Bg4 15. Nxa8 Nbd7 16. Nc7 Ne4 17. h3 Bh5 18. Be2 Bf6 19. Bd4 Qb8 20. Bxf6 Ndxf6 {1-0 Ventas Cosano,D-Castro Uceda,J Alameda de Osuna op 6th 2000 (6)}) ({RR} 6. Nc3 d5 7. e5 Ne4 8. Bd3 Nxc3 9. bxc3 Be7 10. h4 h6 11. h5 Nc6 12. g4 Bd7 13. Rg1 Qc7 14. Ke2 O-O-O 15. Bf4 Na5 16. g5 Nc4 17. gxh6 gxh6 18. Qc2 Bb5 19. Qb3 Ba6 20. Nd2 Bg5 {1-0 Mischuk,D (2382)-Chos,A (2317) Cheliabinsk Lozovatsky Memorial-B 2018 (1)}) ({RR} 6. Nc3 g6 7. Bg5 Bg7 8. Bd3 Qa5 9. O-O O-O 10. h3 Nc6 11. Re1 e5 12. dxe5 Nxe5 13. Nxe5 Qxe5 14. Bh4 Be6 15. a3 a6 16. Bg3 Qc5 17. Bc2 Rad8 18. e5 dxe5 19. Qe2 Nh5 20. Bxe5 Qc6 {1-0 Briand,E (1076)-Guenin,P (1392) Cappelle Online Rapid op 2021 (3)}) ({RR} 6. Bg5 Be7 7. Nc3 O-O 8. Bc4 a6 9. a4 b6 10. O-O Bb7 11. d5 Qc7 12. Qb3 e5 13. Nh4 h6 14. Bxf6 Bxf6 15. Nf5 Nd7 16. Ne2 Nc5 17. Qc2 Kh7 18. f4 g6 19. fxe5 Bxe5 20. Nfd4 Nxe4 {0-1 Hasson,F-Stretch,W Olympiad Women-26 1984 (11)}) ({RR} 6. Bd3 Be7 7. O-O O-O 8. Nc3 Bd7 9. Qc2 g6 10. Bh6 Re8 11. h3 Nc6 12. e5 dxe5 13. dxe5 Nd5 14. Nxd5 exd5 15. a3 Rc8 16. Qd2 Bf8 17. Bxf8 Kxf8 18. Qh6+ Ke7 19. Qxh7 Rh8 20. Qg7 Be6 {1-0 Bursali,I (1553)-Altin,D TUR-ch op Antalya 2008 (7.81)}) 6... Be7 7. Bd3 O-O 8. O-O Nc6 9. a3 e5 10. d5 Nb8 11. Re1 Bg4 12. h3 Bh5 13. Nf1 h6 14. Ng3 Bg6 15. Nh4 Bxe4 16. Nxe4 Nxe4 17. Rxe4 Bxh4 18. Rg4 f5 19. Rg6 Rf6 20. Qh5 Rxg6 21. Qxg6 e4 22. Be2 Qf6 23. Bh5 Nd7 24. Bf4 Qxg6 25. Bxg6 Rf8 26. Rc1 Bg5 27. Bxg5 hxg5 28. g4 fxg4 29. hxg4 Ne5 30. Bf5 Nd3 31. Rc7 Nxf2 32. Kxf2 g6 33. Rd7 gxf5 34. Rxd6 fxg4+ 35. Ke3 Rf3+ 36. Kxe4 Rb3 37. Rg6+ Kf7 38. Rxg5 Rxb2 39. Rxg4 Ke7 40. Rg7+ Kd6 41. Rg6+ Kc5 42. d6 Rd2 43. Rg7 Rxd6 1/2-1/2

[Event "Olympiad Women 2024"]
[Site "Budapest HUN"]
[Date "2024.09.15"]
[Round "5.62"]
[Board "3"]
[White "Elshalom Essayas Berhane"]
[Black "Abera, Mekdes Demssie"]
[Result "1/2-1/2"]
[WhiteElo "1659"]
[BlackElo "1593"]
[PlyCount "98"]
[EventDate "2024.09.11"]
[WhiteTeam "Eritrea"]
[BlackTeam "Ethiopia"]
[WhiteTeamCountry "ERI"]
[BlackTeamCountry "ETH"]

1. e4 c5 2. Nc3 d6 3. f4 Nc6 4. Bb5 Bd7 5. Bxc6 Bxc6 6. Nf3 e6 7. d3 g6 8. O-O Bg7 9. f5 Nf6 ({RR} 9... Qd7 10. Qe1 O-O-O 11. fxe6 fxe6 12. Qg3 Nf6 13. Be3 e5 14. Nd2 Rdf8 15. Nc4 Nh5 16. Qh4 Bf6 17. Qe1 Nf4 18. a4 Qg4 19. Qg3 Qe6 20. Bxf4 exf4 21. Rxf4 Bd4+ 22. Kh1 Rxf4 23. Qxf4 Bxc3 24. bxc3 {1-0 Jovanovic,Z (2581)-Jakic,I (2398) Zadar op-A 18th 2011 (1)}) 10. Qe1 e5 ({RR} 10... h6 11. fxg6 fxg6 12. Nh4 g5 13. Ng6 Rg8 14. e5 dxe5 15. Nxe5 Qc7 16. a4 O-O-O 17. Nb5 Bxb5 18. axb5 Nd5 19. Nf7 Rde8 20. Rxa7 Rgf8 21. Ra8+ Kd7 22. Rxe8 Rxe8 23. Bxg5 hxg5 24. Nxg5 Bd4+ 25. Kh1 {½-½ Bueno,A (2140)-Fiorito,J (2409) Titled Tue 19th Mar Early 2024 (2)}) 11. Bg5 $146 ({RR} 11. Qh4 Qe7 12. a3 O-O-O 13. b4 gxf5 14. b5 fxe4 15. dxe4 Bd7 16. Bg5 Qe6 17. Nd2 Ng4 18. Bxd8 Rxd8 19. b6 a6 20. Nd5 Bh6 21. Ne7+ Kb8 22. Nc6+ Bxc6 23. Qxd8+ Qc8 24. Qxd6+ Ka8 25. Rxf7 {1-0 Krivec,J (2185)-Zarate Oyague,F (2039) Olympiad Women-43 2018 (5.21)}) ({RR} 11. fxg6 fxg6 12. Bg5 O-O 13. Nd2 Qd7 14. Nc4 Rf7 15. Qe2 Raf8 16. Rf2 Ne8 17. Rxf7 Rxf7 18. Rf1 Rxf1+ 19. Kxf1 Nc7 20. Ne3 d5 21. exd5 Nxd5 22. Nexd5 Bxd5 23. Nxd5 Qxd5 24. c4 Qf7+ 25. Ke1 Qf5 {1-0 Mazzini,M (2191)-Esposti,F (2063) Mare di Fano op 5th 2016 (8)}) ({RR} 11. Qh4 Qe7 12. g4 h6 13. fxg6 fxg6 14. Qg3 O-O-O 15. Nh4 Qe6 16. h3 d5 17. Nxg6 Rhe8 18. Nh4 dxe4 19. Nf5 Bf8 20. dxe4 Nxe4 21. Nxe4 Bxe4 22. Qf2 Bc6 23. Be3 b6 24. Kh2 Rd7 25. a4 a5 {½-½ Barle,J (2382)-Tratatovici,M (2279) EU-ch Seniors 12th 2012 (5)}) 11... gxf5 12. exf5 Qd7 13. Nd2 h6 14. Bh4 O-O-O 15. Nde4 Rdg8 16. Nxf6 Bxf6 17. Ne4 Bxe4 18. dxe4 Bg5 19. Bf2 Rg7 20. Rd1 b6 21. Bg3 Bf6 22. Rf2 Rd8 23. Rfd2 Qc6 24. Qe2 Kc7 25. Rd5 b5 26. c4 a6 27. Qd3 Rgg8 28. Be1 b4 29. a3 a5 30. a4 Be7 31. b3 f6 32. Qh3 Rh8 33. Qh5 Qe8 34. Qxe8 Rdxe8 35. Bf2 Rhg8 36. h3 Rg7 37. Kh2 Reg8 38. Rg1 h5 39. Rd3 Rg5 40. Rg3 Kd7 41. Rd1 Ke8 42. Rdd3 Kf7 43. Rdf3 h4 44. Rxg5 fxg5 45. g4 hxg3+ 46. Rxg3 Bf6 47. Rg4 Rh8 48. Be3 Rh5 49. Bf2 Kg7 1/2-1/2

[Event "Olympiad Women 2024"]
[Site "Budapest HUN"]
[Date "2024.09.15"]
[Round "5.63"]
[Board "3"]
[White "Castro, Neusa Aridas De"]
[Black "Beekhy, Aamirah"]
[Result "1-0"]
[WhiteElo "1684"]
[BlackElo "1600"]
[PlyCount "157"]
[EventDate "2024.09.11"]
[WhiteTeam "Mozambique"]
[BlackTeam "Mauritius"]
[WhiteTeamCountry "MOZ"]
[BlackTeamCountry "MRI"]

1. e4 c5 2. Nf3 d6 3. c3 Nf6 4. Bd3 a6 ({RR} 4... Bd7 5. Bc2 Bc6 6. Qe2 e5 7. O-O a6 8. Rd1 Nbd7 9. d4 cxd4 10. cxd4 Be7 11. Nc3 exd4 12. Nxd4 O-O 13. Nxc6 bxc6 14. Bf4 Qb6 15. Rac1 Ne5 16. Bb3 Rfe8 17. h3 Bf8 18. Be3 Qa5 19. Bd4 {0-1 Ghaem Maghami,E (2581)-Landa,K (2554) ACP Blitz Playchess.com INT 2006 (9)}) 5. Bc2 Nc6 ({RR} 5... e5 6. h3 Nc6 7. O-O Be7 8. d4 cxd4 9. cxd4 O-O 10. Nc3 Re8 11. d5 Nb8 12. Be3 Nbd7 13. Nd2 b5 14. a4 b4 15. Na2 a5 16. Nb3 Ba6 17. Bd3 Qc7 18. f3 Bxd3 19. Qxd3 Nh5 20. Rfc1 {1-0 Seletsky,G (2223)-Tang,Z (2212) Titled Tue 6th Aug Late 2024 (9)}) 6. d3 $146 ({RR} 6. h3 Qc7 7. Qe2 g6 8. O-O Bg7 9. d4 cxd4 10. cxd4 Nd7 11. Be3 O-O 12. Nc3 e6 13. Rfd1 Ne7 14. Bb3 b5 15. Rac1 Qb8 16. Nd2 Bb7 17. a3 Kh8 18. Nf3 Nc6 19. d5 Na5 20. Ba2 exd5 {1-0 Rellstab,L (2186)-Ihde,B GER-ch Seniors 13th 2001 (1)}) ({RR} 6. O-O e6 7. Re1 Qc7 8. d4 cxd4 9. cxd4 b5 10. Nc3 Ne7 11. Bg5 Nd7 12. Rc1 Nb6 13. Bd3 Qd7 14. Qd2 h6 15. Bh4 Bb7 16. Rc2 Ng6 17. Bg3 Be7 18. Rec1 O-O 19. Qe3 d5 20. e5 Nc4 {1-0 Cervellione,P-Mammoliti,R Nicolosi Etna op 1st 2014 (6)}) ({RR} 6. h3 e6 7. O-O Be7 8. Re1 Qc7 9. d4 cxd4 10. cxd4 O-O 11. Nc3 Re8 12. Be3 h6 13. Rc1 Bf8 14. d5 Ne7 15. e5 dxe5 16. d6 Qa5 17. dxe7 Rxe7 18. Nd2 Bd7 19. Nc4 Qc7 20. Nb6 Rd8 {1-0 Piscopo,P (2407)-Gomez Vargas,P (1808) Seville op 38th 2013 (1)}) 6... e6 7. Bg5 Be7 8. O-O O-O 9. Re1 Qb6 10. b3 Qc7 11. Nbd2 b5 12. Rc1 Bb7 13. Nf1 Rac8 14. Bb1 Qd7 15. Ng3 Rfd8 16. Qe2 Qe8 17. Red1 h6 18. Be3 Ba8 19. h3 Kh8 20. Nh2 Ne5 21. Nh5 Qf8 22. Nxf6 Bxf6 23. f4 Ng6 24. Qg4 Bc6 25. f5 exf5 26. Qxf5 Bd7 27. Qh5 Re8 28. Rf1 Re5 29. Qf3 Rce8 30. Bxh6 Bg5 31. Bxg5 Rxg5 32. Kh1 Ne5 33. Qf4 Rg6 34. Qe3 Rh6 35. d4 cxd4 36. cxd4 Ng6 37. Qg3 Qe7 38. Rf2 Rf8 39. Rcf1 Kg8 40. e5 dxe5 41. Bxg6 Rxg6 42. Qxe5 Qxe5 43. dxe5 Re6 44. Re1 f6 45. Rfe2 Rfe8 46. Nf3 Bc6 47. Nd4 Bd5 48. Nxe6 Rxe6 49. exf6 Rxf6 50. Re5 Bb7 51. Kg1 Rf7 52. Re8+ Rf8 53. R8e6 Rf7 54. Rb6 Rd7 55. Kf2 Kf7 56. Rbe6 Bc8 57. R6e3 Bb7 58. h4 Bc6 59. R1e2 Bb7 60. g4 g6 61. Kg3 Bc8 62. Rf2+ Kg7 63. g5 Rc7 64. Rfe2 Kf7 65. b4 Bb7 66. a3 Bd5 67. Re5 Bc4 68. Rf2+ Kg7 69. Rc5 Rd7 70. Rf3 Be2 71. Re3 Bc4 72. Rce5 Kf7 73. Re8 Ra7 74. Kf4 Bd5 75. Rc8 Bc4 76. Rc6 Bd5 77. Rf6+ Kg7 78. Rd3 Bc4 79. Rdd6 1-0